| 000 | 00698nam a22002297a 4500 | ||
|---|---|---|---|
| 999 |
_c2716 _d2716 |
||
| 001 | 2967 | ||
| 003 | BD-DhUAP | ||
| 005 | 20200227102603.0 | ||
| 008 | 200227s1998 nyua|||| |||| 001 0 eng d | ||
| 020 | _a0750637382 | ||
| 040 |
_aBD-DhUAP _bEng _cBD-DhUAP _dBD-DhUAP |
||
| 082 |
_223 _a724.6 CON |
||
| 245 |
_aContext : _b new building in historic settings. _cEdited by John Warren, John Worthington and Sue Taylor. |
||
| 260 |
_aLondon : _bArchitectural Press, _cc1998. |
||
| 300 |
_a184 pages : _billustrations: _c24 cm. |
||
| 500 | _aIncludes index. | ||
| 650 | _aHistorical architecture. | ||
| 700 | _aWarren, John. | ||
| 700 | _aWorthington, John. | ||
| 700 | _aTaylor, Sue. | ||
| 942 |
_2ddc _cBK |
||